Sri Aurobindo : (Record no. 164836)

MARC details
000 -LEADER
fixed length control field 00767nam a2200205 4500
005 - DATE AND TIME OF LATEST TRANSACTION
control field 20190528131936.0
010 ## - LCCN (DPL NO)
LC control number ENG-125351
020 ## - INTERNATIONAL STANDARD BOOK NUMBER
Terms of availability 650.00
International Standard Book Number 9789380336190
035 ## - SYSTEM CONTROL NUMBER
System control number EN-108883
037 ## - SOURCE OF ACQUISITION
Source of stock number/acquisition DBAD/PUB
082 ## - DEWEY DECIMAL CLASSIFICATION NUMBER
Classification number 230.35
100 ## - MAIN ENTRY--PERSONAL NAME
Personal name Basu, Arabinda
245 ## - TITLE STATEMENT
Title Sri Aurobindo :
Statement of responsibility, etc by Eshita Chakraborty; ed. by Indrani Sanyal
Remainder of title the poet, yogi and philosopher
260 ## - PUBLICATION, DISTRIBUTION, ETC. (IMPRINT)
Place of publication, distribution, etc Kolkata
Name of publisher, distributor, etc Jadavpur University in colleboration with Maha Bodhi Book Agency
Date of publication, distribution, etc 2011
270 ## - ADDRESS
Address 4A, Bankim Chatterjee Street
City Kolkata
Postal code 700073
Telephone number 033-22419363, 9831077368
Electronic mail address mahabodhibookagency@hotmail.com
300 ## - PHYSICAL DESCRIPTION
Extent 322p.
Dimensions 22cm(Hb)
500 ## - GENERAL NOTE
General note Includes bibliographical references and index
700 ## - ADDED ENTRY--PERSONAL NAME
Personal name Sanyal, Indrani
942 ## - ADDED ENTRY ELEMENTS (KOHA)
Source of classification or shelving scheme Dewey Decimal Classification
Item type English Books
Classification part 230.35
Call number suffix BAS
Holdings
Withdrawn status Lost status Not for loan Collection code Home library Current library Date acquired Source of acquisition Cost, normal purchase price Full call number Barcode Copy number Cost, replacement price Koha item type
    Not For Loan Non-fiction D.B.Act.Division Central Library 28/05/2019 DBAD/PUB 650.00 230.35 BAS EN-108883 1 650.00 English Books

© Delhi Public Library
Hit Counter
free hit counter